Answers Contain Earth - Statistics

General Stats
  • This quiz has been taken 43 times
    31 since last reset
  • The average score is 14 of 26
Answer Stats
Hint Answer % Correct
April 22 Earth Day
96%
Disaster caused by techtonic shift Earthquake
96%
Aliens refer to Earth's residents as Earthlings
88%
__________ possessions you can't take with you Earthly
85%
Band that sings, "September" Earth, Wind, and Fire
85%
Nightcrawler Earthworm
81%
_______ Earth is a synonym for _____Nature Mother Earth
81%
Conspiracy challenging globe shape Flat Earth
73%
BBC nature series Planet Earth
69%
To dig out of the ground Unearth
69%
Open, honest, and even-keeled Down to Earth
62%
Free map program with satellite imagery Google Earth
62%
Porcelin and stoneware Earthenware
58%
Geology, oceanography, meteorology etc Earth Sciences
58%
Construction Equipment Earth Mover
54%
Term describing natural colors Earth Tones
54%
Smells like dirt Earthy
50%
Important, monumentous, or tragic Earth Shattering
46%
Jules Verne novel Journey to the Center of the Earth/From Earth to the Moon
38%
Military strategy to destroy all resources Scorched Earth
35%
~7,200,000,000 Earth Population
23%
Song by The Penguins Earth Angel
15%
Novel by L Ron Hubbard Battlefield Earth
12%
Post-apocalyptic TV show on Fox Last Man on Earth
12%
Scandium, Yttrium, Lanthanium, etc Rare-Earth Elements
12%
Part of Matthew 5:13 Salt of the Earth
12%
No matching quizzes found
Score Distribution
Percent of People with Each Score
Percentile by Number Answered
Your Score History
You have not taken this quiz since the last reset